02775njm a2200457Ia 450000100060000000300090000600500170001500800410003204000130007304000130008604100130009910000110011210000180012310000380014124500280017925000110020726000110021826000480022930000100027730000290028750001830031650504330049951100220093251100250095451100240097965000570100370000810106070000880114170000890122970000880131870000990140670000810150570000880158670000880167470000970176270000990185970000750195870000890203370000920212270001030221420763IT-RoPAU20220918181125.0131025s9999 xx 000 0 und d aIT-RoPAU cIT-RoPAU aITALIANO aAA.VV. eAutore musica gCodice autore musica SPICS: 12000 aTrio Lescano (Il)-Disco a2a ed. aMILANO bFRATELLI FABBRI EDITORIc1982 [1a Ed.:1970] aDISCO c26 minuti (Testo: pag.) aLa canzone italiana. I divi degli anni '30. Olanda, marito bello e ricco, tristezza, perduto amore, primavera, gioia, scioglilingua, sposare, lattaio, fornaio, macellaio, sognare aTulipan [(Grever/Morbelli-Trio Lescano) (4:00)] - Senti l'eco [(Pizzigoni-Trio Lescano) (4:00)] - Papà e mammà [(Barzizza/Borelli-Quartetto Cetra-Trio Lescano) (4:00)] - Nebbia [(Vallini/Tettoni-Caterinetta Lescano) (4:00)] - Comtemplazione [(Chiappo/Lavagnino-Trio Lescano) (3:00)] - Tulilem-blem-blu [(Sciorilli-Trio Lescano) (4:00)] - Oh! Ma-ma (4:00) - La barca dei sogni [(Di Ceglie/Testoni-Caterinetta Lescano) (4:00)] aTrio Lescano (Il) aQuartetto Cetra (Il) aLeschan Caterinetta aCANZONE ITALIAN [DISCHI]eCodice MATERIA SPICS: 9950 aMorbelli RiccardogCodice autore musica SPICS: 13446eAutore musicapTulipan aGrever MariagCodice autore testo/musica SPICS: 13517eAutore testo/musicapTulipan aPizzigonigCodice autore testo/musica SPICS: 13516eAutore testo/musicapSenti l'eco aBorelli RosariogCodice autore musica SPICS: 13518eAutore musicapPapà e mammà aBarzizza PippogCodice autore testo/musica SPICS: 13368eAutore testo/musicapPapà e mammà aTettoni FerdinandogCodice autore musica SPICS: 13515eAutore musicapNebbia aVallini MariogCodice autore testo/musica SPICS: 13519eAutore testo/musicapNebbia aLavagnino AlbertogCodice autore musica SPICS: 16917eAutore musicapComtemplazione aChiappo EnricogCodice autore testo/musica SPICS: 13520eAutore testo/musicapComtemplazione aSciorilli ErosgCodice autore testo/musica SPICS: 13521eAutore testo/musicapTulilem-blem-blu aCitorellogCodice autore musica SPICS: 13522eAutore musicapOh! Ma-ma aVallee RudygCodice autore testo/musica SPICS: 13523eAutore testo/musicapOh! Ma-ma aTestoni GiancarlogCodice autore musica SPICS: 13524eAutore musicapLa barca dei sogni aDi Ceglie CosimogCodice autore testo/musica SPICS: 13484eAutore testo/musicapLa barca dei sogni